| 000 | 00893nam a2200229 i 4500 | ||
|---|---|---|---|
| 001 | 183319 | ||
| 003 | ES-MaACL | ||
| 005 | 20230906221849.0 | ||
| 008 | 140319s1844 fr |||| | fre d | ||
| 080 | _a347(450.88)"1837"(094.4) | ||
| 110 | 1 |
_aCerdeña (Reino) _9154584 |
|
| 240 | 1 | 0 |
_aCodice civile, 1837. _lFrancés |
| 245 | 1 | 0 |
_aCode civil du Royaume de Sardaigne _b: précédé d'un travail comparatif avec la législation française / _cpar M. Le comte Portalis. |
| 260 |
_aParis : _bJoubert, _c1844. |
||
| 300 |
_aCXCVIII, 644 p. ; _c22 cm. |
||
| 490 | 1 |
_aCollection des lois civiles et criminelles des états modernes ; _v9 |
|
| 650 | 4 |
_aDerecho civil- _zCerdeña. _9171514 |
|
| 700 | 1 |
_aPortalis, Frédéric ( _d1803-1846) _9154586 |
|
| 830 | 1 |
_aCollection des lois civiles et criminelles des états modernes ; _v9 _9191907 |
|
| 852 |
_aES-MaACL _jG-3638 |
||
| 999 |
_c183319 _d183319 |
||